| 000 | 00471 a2200169 4500 | ||
|---|---|---|---|
| 003 | OSt | ||
| 005 | 20231226114845.0 | ||
| 008 | 231226b |||||||| |||| 00| 0 eng d | ||
| 020 | _a818143384X | ||
| 040 | _coclc | ||
| 082 |
_a891.43 _bDHA/K |
||
| 100 |
_aDharamveer _910174 |
||
| 245 |
_aKAMASUTRA KI SANTANEIN / _cDharamveer |
||
| 260 |
_aNew Delhi: _bVani Prakashan, _c2009. |
||
| 300 | _a107p | ||
| 942 |
_2ddc _cBK _h891.43 _iDHA/K _k891.43 _mDHA/K |
||
| 999 |
_c43580 _d43580 |
||